Score 0/15 Timer 01:00
0 Plays Today
% Correct
record
93.8%
two
92.7%
curtain
87.8%
dial
83.6%
Boston
83.4%
Dandy
81.7%
papers
75%
grasshopper
73.8%
% Correct
hop
73.1%
skirt
71.9%
fish
70.5%
soxer
67.6%
died
62.2%
key
53%
wax
45.4%

Today's Daily Dose

Missing Word
Philosophers

Get the Picture
Italian Cars

Remove Ads.
Support Sporcle.
Get the best of Sporcle when you Go Orange. This ad-free experience offers more features, more stats, and more fun while also helping to support Sporcle. Thank you for becoming a member.

You're not logged in!

Compare scores with friends on all Sporcle quizzes.
OR
Log In

Show Comments

Extras

Top Quizzes Today


Score Distribution

Your Account Isn't Verified!

In order to create a playlist on Sporcle, you need to verify the email address you used during registration. Go to your Sporcle Settings to finish the process.

Report this User

Report this user for behavior that violates our Community Guidelines.

Details: